000 00690nam a22002057a 4500
003 OSt
005 20260617121944.0
008 260617b |||||||| |||| 00| 0 eng d
020 _a0761977481
040 _cChuka University Library
050 _aLB 1072
_b.D6 2001
100 _aDoty, Gwen
_929650
245 _aFostering Emotional Intelligence in K -8 Students : Simple Strategies and Ready -to -use Activities
260 _aCalifornia
_bCorwin Press
_c2001
300 _ax, 155pp
_bIllustrated
650 _aAffective education-United States
_929651
650 _aEmotional Intelligence
_929652
650 _aEducation, Elementary -Activity -United States
_929653
942 _2lcc
_cBK
_n0
999 _c24518
_d24518